000
00192nam a2200109Ia 4500
100
_a
#N/A
942
_c
BK
654
_a
windows
245
_a
Run Windows
260
_b
#N/A
546
_a
ENGLISH
999
_c
20816
_d
20816